[Event "Frankfurt Ch 2005"]
[Site "Ffm-Kalbach, LAZ"]
[Date "2005.06.06"]
[Round "6"]
[White "Norgiev, Jürgen"]
[Black "Schreyer, Alois"]
[Result "0-1"]
[WhiteElo "1686"]
[BlackElo "1883"]
[PlyCount "36"]
[EventDate "2005.??.??"]

1. d4 Nf6 2. Nf3 d5 3. Bf4 Bf5 4. Nbd2 e6 5. e3 Bd6 6. Bg5 Nbd7 7. a3 Be7 8. h3
Ne4 9. Bf4 O-O 10. Nxe4 Bxe4 11. Be2 Bf6 12. Rc1 c5 13. Bd6 Re8 14. O-O c4 15.
c3 Qb6 16. Bb4 a5 17. Qa4 axb4 18. Qxd7 Red8 0-1

[Event "Frankfurt Ch 2005"]
[Site "Ffm-Kalbach, LAZ"]
[Date "2005.06.06"]
[Round "6"]
[White "Hilbenz, Guntram"]
[Black "Mahnke, Ralf"]
[Result "1/2-1/2"]
[WhiteElo "1877"]
[BlackElo "1702"]
[PlyCount "120"]
[EventDate "2005.??.??"]

1. c4 e5 2. g3 Nf6 3. Bg2 Nc6 4. Nc3 Bb4 5. Nd5 Bc5 6. e3 O-O 7. Ne2 a6 8. O-O
d6 9. a3 Bf5 10. d4 Ba7 11. h3 Nxd5 12. cxd5 Ne7 13. Kh2 c6 14. dxc6 Nxc6 15.
b4 e4 16. Nc3 d5 17. Qb3 Ne7 18. a4 Rc8 19. Ba3 Qd7 20. b5 Rfe8 21. Rfc1 Be6
22. b6 Bb8 23. Bxe7 Rxe7 24. Nxd5 Ree8 25. Bxe4 Bxh3 26. Rxc8 Rxc8 27. Nc7 Bxc7
28. bxc7 Rxc7 29. Rb1 Be6 30. Qb6 Rc8 31. a5 Bd5 32. Bxd5 Qxd5 33. Qxb7 Qf5 34.
Kg2 h5 35. Rh1 Rc2 36. Qf3 Qxf3+ 37. Kxf3 g6 38. Ra1 Kg7 39. Ra4 Kf8 40. e4 Ke7
41. Ke3 Kd7 42. Rb4 Ra2 43. Rb7+ Ke8 44. d5 Rxa5 45. Kd4 f6 46. Rg7 g5 47. Rh7
Ra4+ 48. Kc5 Rxe4 49. Kd6 h4 50. Rh8+ Kf7 51. gxh4 gxh4 52. Kd7 Rf4 53. d6 Rxf2
54. Rxh4 Ra2 55. Rh7+ Kg6 56. Re7 f5 57. Kc8 Rc2+ 58. Rc7 Rd2 59. d7 Kg5 60.
d8=Q+ Rxd8+ 1/2-1/2

[Event "Frankfurt Ch 2005"]
[Site "Ffm-Kalbach, LAZ"]
[Date "2005.06.06"]
[Round "6"]
[White "Fischer, Arthur"]
[Black "Reuter, Klaus"]
[Result "1-0"]
[WhiteElo "1875"]
[BlackElo "1443"]
[PlyCount "33"]
[EventDate "2005.??.??"]

1. e4 c5 2. c3 Nc6 3. d4 cxd4 4. cxd4 e6 5. d5 exd5 6. exd5 Bb4+ 7. Nc3 Qe7+ 8.
Be3 Ne5 9. Nf3 Bxc3+ 10. bxc3 Nxf3+ 11. Qxf3 Nf6 12. Bd3 d6 13. O-O O-O 14. Bd4
Bg4 15. Bxf6 Bxf3 16. Bxe7 Bxd5 17. Bxf8 1-0

[Event "Frankfurt Ch 2005"]
[Site "Ffm-Kalbach, LAZ"]
[Date "2005.06.06"]
[Round "6"]
[White "Filmann, Andreas"]
[Black "Achelrod, Alexandre"]
[Result "1/2-1/2"]
[WhiteElo "1685"]
[BlackElo "1847"]
[PlyCount "88"]
[EventDate "2005.??.??"]

1. e4 c5 2. Nc3 Nc6 3. Bc4 g6 4. d3 Bg7 5. Nge2 e6 6. Be3 Nge7 7. Bxc5 d6 8.
Ba3 a6 9. b4 b5 10. Bb3 Qc7 11. Rb1 O-O 12. Qd2 Bb7 13. O-O Rac8 14. Nd1 Rfd8
15. Bb2 Ne5 16. f4 Qb6+ 17. Bd4 Nf3+ 18. Rxf3 Bxd4+ 19. Nxd4 Qxd4+ 20. Kf1 d5
21. e5 Qb6 22. d4 Nf5 23. c3 a5 24. g4 Ne7 25. Rh3 axb4 26. f5 exf5 27. Qh6
fxg4 28. Qxh7+ Kf8 29. Qh8+ Ng8 30. Rh7 Qe6 31. Ne3 Rxc3 32. Ke2 Rxe3+ 33. Kxe3
Qf5 34. Qg7+ Ke7 35. Rc1 Qe4+ 36. Kd2 Qxd4+ 37. Ke2 Qe4+ 38. Kd2 Qd4+ 39. Ke2
Qe4+ 40. Kd2 Qf4+ 41. Kd3 Qf3+ 42. Kd2 Qf2+ 43. Kd3 Qf3+ 44. Kd2 Qf2+ 1/2-1/2

[Event "Frankfurt Ch 2005"]
[Site "Ffm-Kalbach, LAZ"]
[Date "2005.06.06"]
[Round "6"]
[White "Adair, Robin"]
[Black "Rondio, Thomas"]
[Result "1/2-1/2"]
[WhiteElo "1790"]
[BlackElo "1680"]
[PlyCount "82"]
[EventDate "2005.??.??"]

1. e4 e5 2. Nf3 Nc6 3. Bb5 a6 4. Ba4 Nf6 5. O-O Be7 6. c3 b5 7. Bb3 O-O 8. Re1
d5 9. exd5 Nxd5 10. Nxe5 Nxe5 11. Rxe5 c6 12. Bxd5 cxd5 13. Qf3 Bd6 14. Re1 Qc7
15. g3 Bh3 16. d4 Rae8 17. Be3 Qc4 18. Nd2 Qd3 19. Bf4 Qxf3 20. Nxf3 Bxf4 21.
gxf4 f6 22. Nd2 Kf7 23. Re3 Bf5 24. Rae1 Re6 25. Rxe6 Bxe6 26. Nf1 Rc8 27. Ne3
g6 28. Kf1 a5 29. Ke2 b4 30. Rc1 bxc3 31. Rxc3 Rxc3 32. bxc3 Ke7 33. Kd3 Kd7
34. a3 Kc6 35. c4 dxc4+ 36. Nxc4 Kb5 37. Nb2 Bd5 38. Nd1 Kc6 39. Nc3 Be6 40. h4
h6 41. f3 g5 1/2-1/2

[Event "Frankfurt Ch 2005"]
[Site "Ffm-Kalbach, LAZ"]
[Date "2005.06.06"]
[Round "6"]
[White "Höhler, Bernd"]
[Black "Brehme, Ralf"]
[Result "0-1"]
[WhiteElo "1654"]
[BlackElo "1790"]
[PlyCount "62"]
[EventDate "2005.??.??"]

1. e4 d5 2. exd5 Qxd5 3. Nc3 Qa5 4. d4 c6 5. Nf3 Nf6 6. Bc4 Bf5 7. Bd2 Qb6 8.
Bb3 e6 9. h3 Nbd7 10. Be3 Qa5 11. O-O Bd6 12. Qe2 O-O-O 13. Rfe1 h6 14. a3 g5
15. Nd2 Bb8 16. g4 Qc7 17. Nf1 Bg6 18. f3 h5 19. Bxg5 hxg4 20. Ne4 Bxe4 21.
fxe4 Rdg8 22. Bxf6 gxh3+ 23. Kh1 Nxf6 24. e5 Nh5 25. Qf3 Qe7 26. Ne3 Rg3 27.
Qf2 h2 28. Rf1 Qg5 29. Qxf7 Rg1+ 30. Rxg1 hxg1=Q+ 31. Rxg1 Nf4+ 0-1

[Event "Frankfurt Ch 2005"]
[Site "Ffm-Kalbach, LAZ"]
[Date "2005.06.06"]
[Round "6"]
[White "Bitzer, Andre"]
[Black "Arvin, Manutcher"]
[Result "1/2-1/2"]
[WhiteElo "1624"]
[BlackElo "1753"]
[PlyCount "47"]
[EventDate "2005.??.??"]

1. b3 e5 2. Bb2 Nc6 3. Nf3 e4 4. Nd4 Nxd4 5. Bxd4 d5 6. e3 Nf6 7. c4 c5 8. Bxf6
Qxf6 9. Nc3 dxc4 10. Bxc4 Bf5 11. Bd5 Qg6 12. Kf1 O-O-O 13. Qc2 Re8 14. b4 Bd6
15. bxc5 Be5 16. Rb1 Re7 17. Nb5 Kb8 18. Qa4 a6 19. Na3 Rd8 20. Rb6 Qxb6 21.
cxb6 Rxd5 22. Ke2 Red7 23. Nc4 f6 24. Rc1 1/2-1/2

[Event "Frankfurt Ch 2005"]
[Site "Ffm-Kalbach, LAZ"]
[Date "2005.06.06"]
[Round "6"]
[White "Larem, Peter"]
[Black "Bonilla Guzman, Jerson A"]
[Result "0-1"]
[WhiteElo "1724"]
[BlackElo "1067"]
[PlyCount "82"]
[EventDate "2005.??.??"]

1. e4 c5 2. Nf3 Nc6 3. d4 cxd4 4. c3 d6 5. cxd4 e6 6. Nc3 Nf6 7. Bc4 d5 8. exd5
exd5 9. Qe2+ Be7 10. Bb3 Bg4 11. Be3 O-O 12. O-O Re8 13. h3 Bh5 14. g4 Bg6 15.
Nh4 Bb4 16. Nxg6 hxg6 17. Qb5 Bxc3 18. bxc3 Qd7 19. Rfe1 Rac8 20. Rac1 Kh7 21.
g5 Ne4 22. Qf1 Rh8 23. Bd1 Rce8 24. Bg4 Qd8 25. f4 Kg8 26. f5 Nxg5 27. Bxg5
Rxe1 28. Rxe1 Qxg5 29. Re8+ Kh7 30. Rxh8+ Kxh8 31. fxg6 Qxg6 32. Qf3 Qb1+ 33.
Kh2 Qxa2+ 34. Kg3 Kg8 35. Bh5 g6 36. Qg4 Qc2 37. Qc8+ Kg7 38. Bf3 Nxd4 39. Bxd5
Nf5+ 40. Kf4 Qd2+ 41. Ke5 Qxd5+ 0-1

[Event "Frankfurt Ch 2005"]
[Site "Ffm-Kalbach, LAZ"]
[Date "2005.06.06"]
[Round "6"]
[White "Bender, Manfred"]
[Black "Schiffer, Steve"]
[Result "0-1"]
[WhiteElo "1676"]
[BlackElo "2054"]
[PlyCount "64"]
[EventDate "2005.??.??"]

1. g3 Nf6 2. Bg2 d5 3. c4 e5 4. cxd5 Nxd5 5. Nc3 Nxc3 6. bxc3 Bd6 7. Bb2 O-O 8.
Qb3 c6 9. Nf3 Nd7 10. O-O Nb6 11. d3 Be6 12. c4 f6 13. a4 Qc7 14. Qc3 c5 15. a5
Nd7 16. Nd2 Rab8 17. Ne4 Be7 18. Rfb1 f5 19. Nd2 Bf6 20. Qa3 Qd6 21. Bc1 e4 22.
Ra2 exd3 23. exd3 Ne5 24. Nf3 Qxd3 25. Qxd3 Nxd3 26. Be3 Rfd8 27. Nd2 Nb4 28.
Rxb4 cxb4 29. Bxa7 Ra8 30. Bb6 b3 31. Nxb3 Rd1+ 32. Bf1 Bxc4 0-1

[Event "Frankfurt Ch 2005"]
[Site "Ffm-Kalbach, LAZ"]
[Date "2005.06.06"]
[Round "6"]
[White "Richter, Thomas"]
[Black "Pelda, Jaromir"]
[Result "1-0"]
[WhiteElo "1953"]
[BlackElo "1645"]
[PlyCount "43"]
[EventDate "2005.??.??"]

1. d4 c5 2. d5 Nf6 3. c4 Ne4 4. f3 Qa5+ 5. Nd2 Nd6 6. e4 g6 7. e5 Nf5 8. Bd3 d6
9. f4 Bg7 10. Ngf3 Na6 11. Qe2 O-O 12. O-O Nc7 13. Ne4 Qb6 14. a4 Nxd5 15. a5
Qc6 16. cxd5 Qxd5 17. Rd1 Qc6 18. Bc4 Rd8 19. Bd5 Qc7 20. exd6 exd6 21. Neg5
Rf8 22. Qc4 1-0

[Event "Frankfurt Ch 2005"]
[Site "Ffm-Kalbach, LAZ"]
[Date "2005.06.06"]
[Round "6"]
[White "Simon, Eric"]
[Black "Vogelgesang, Marc"]
[Result "1-0"]
[WhiteElo "1889"]
[BlackElo "1626"]
[PlyCount "56"]
[EventDate "2005.??.??"]

1. e4 d5 2. exd5 Nf6 3. d4 Nxd5 4. Nf3 e6 5. c4 Nf6 6. Nc3 b6 7. Bg5 Be7 8. Be2
O-O 9. Qc2 Bb7 10. Rd1 h6 11. h4 Nh7 12. Bf4 Bd6 13. Be5 Nd7 14. Rh3 Nhf6 15.
Kf1 Qe7 16. Re1 Rad8 17. Bd1 a6 18. a3 c5 19. d5 Bxe5 20. Nxe5 Nxe5 21. Rxe5
Qd6 22. Re2 exd5 23. cxd5 Nxd5 24. Ne4 Qc6 25. Rg3 Nf6 26. Nxf6+ Qxf6 27. Ree3
Rfe8 28. Rxe8+ Rxe8 {ZÜ} 1-0

[Event "Frankfurt Ch 2005"]
[Site "Ffm-Kalbach, LAZ"]
[Date "2005.06.06"]
[Round "6"]
[White "Gehlhar, Michael"]
[Black "Krüger, Till"]
[Result "1/2-1/2"]
[WhiteElo "1647"]
[BlackElo "1877"]
[PlyCount "88"]
[EventDate "2005.??.??"]

1. Nf3 d6 2. g3 g6 3. Bg2 Bg7 4. c4 c5 5. O-O Nc6 6. Nc3 Nf6 7. d3 O-O 8. e4
Rb8 9. Nh4 a6 10. f4 Ng4 11. Ne2 e6 12. h3 Nh6 13. Nf3 f5 14. Rb1 Qc7 15. Ng5
Bd7 16. b3 Nd4 17. Bb2 e5 18. Qd2 Rbe8 19. Nc3 Bc6 20. Nd5 Qd8 21. Bxd4 exd4
22. b4 Bxd5 23. cxd5 fxe4 24. Bxe4 Qf6 25. bxc5 dxc5 26. Rxb7 Nf5 27. Kh2 Ne3
28. Rf3 Qd6 29. Qc1 Nxd5 30. Qc4 Rf5 31. Bxd5+ Qxd5 32. Qxd5+ Rxd5 33. Rc7 Re1
34. Kg2 Re8 35. Kf1 h6 36. Ne4 Rf5 37. Nd6 Rb8 38. Nxf5 Rb1+ 39. Kg2 gxf5 40.
Rxc5 Rd1 41. Ra5 Bf8 42. Rxa6 Bb4 43. a4 Rd2+ 44. Kf1 Rd1+ 1/2-1/2

[Event "Frankfurt Ch 2005"]
[Site "Ffm-Kalbach, LAZ"]
[Date "2005.06.06"]
[Round "6"]
[White "Kolko, Robert"]
[Black "Pröstler, Rene"]
[Result "0-1"]
[WhiteElo "1767"]
[BlackElo "1615"]
[PlyCount "101"]
[EventDate "2005.??.??"]

1. d4 d5 2. Nf3 Nf6 3. e3 Bg4 4. Nbd2 e6 5. Bd3 Bd6 6. c3 c6 7. O-O Qc7 8. h3
h5 9. e4 dxe4 10. Nxe4 Nxe4 11. Bxe4 Nd7 12. Re1 Bxf3 13. Qxf3 Nf6 14. Bc2
O-O-O 15. Bg5 Be7 16. b4 a5 17. bxa5 Qxa5 18. Reb1 Qxg5 19. Rb3 Qd5 20. Qe2 Rd7
21. a4 Qa5 22. Rab1 g5 23. c4 g4 24. h4 Rc7 25. g3 Rd8 26. Qd3 Bc5 27. d5 cxd5
28. Rb5 Qa7 29. Qe2 dxc4 30. Kg2 c3 31. Bd3 Bxf2 32. Bc4 Qe3 33. Bxe6+ fxe6 34.
Qc2 Qxg3+ 35. Kf1 Qg1+ 36. Ke2 Rd2+ 37. Qxd2 cxd2 38. Kxd2 Be3+ 39. Kd3 Qf2 40.
R1b2 Rd7+ 41. Kc4 Qf4+ 42. Kb3 Bc1 43. Rc2+ Kb8 44. Rbc5 Qe3+ 45. R5c3 Rd3 46.
Rxc1 Qxc1 47. Rxd3 Qb1+ 48. Kc4 Qc2+ 49. Kd4 e5+ 50. Ke3 Qc5+ 51. Ke2 0-1

[Event "Frankfurt Ch 2005"]
[Site "Ffm-Kalbach, LAZ"]
[Date "2005.06.06"]
[Round "6"]
[White "Bauer, Timo"]
[Black "Faqiry, Ramat"]
[Result "1-0"]
[WhiteElo "1638"]
[BlackElo "1717"]
[PlyCount "57"]
[EventDate "2005.??.??"]

1. d4 d5 2. Nf3 Nf6 3. g3 g6 4. Bg2 Bg7 5. c4 c6 6. cxd5 cxd5 7. O-O O-O 8. Nc3
Nc6 9. Bg5 Ne4 10. Bf4 Bg4 11. Ne5 Nxe5 12. Bxe5 Nxc3 13. bxc3 f6 14. Bf4 Be6
15. Qb3 b6 16. e4 Bf7 17. exd5 Rc8 18. c4 g5 19. Be3 Qc7 20. Rac1 Rfd8 21. Rfe1
h6 22. Bh3 Bh5 23. c5 Kh8 24. cxb6 Qb7 25. Rxc8 Rxc8 26. Bxc8 Qxc8 27. bxa7 Qh3
28. a8=Q+ Kh7 29. d6 1-0

[Event "Frankfurt Ch 2005"]
[Site "Ffm-Kalbach, LAZ"]
[Date "2005.06.06"]
[Round "6"]
[White "Kasper, Werner"]
[Black "Jordake, Michael"]
[Result "1/2-1/2"]
[WhiteElo "1716"]
[BlackElo "1593"]
[PlyCount "89"]
[EventDate "2005.??.??"]

1. e4 e5 2. Nf3 Nc6 3. Bb5 a6 4. Ba4 Nf6 5. Qe2 d6 6. c3 Be7 7. O-O b5 8. Bb3
O-O 9. Rd1 Na5 10. Bc2 c5 11. h3 Nc6 12. d4 Qc7 13. Nbd2 cxd4 14. cxd4 a5 15.
Nf1 Ba6 16. Be3 Nb4 17. Bb1 exd4 18. Bxd4 Nc6 19. Be3 Ne5 20. Nxe5 dxe5 21. Bd3
Qb7 22. Ng3 Rfc8 23. Rac1 Rxc1 24. Rxc1 Bf8 25. Bg5 Ne8 26. Nf5 f6 27. Be3 b4
28. Bxa6 Rxa6 29. Qc4+ Kh8 30. Qc8 Qa8 31. Qc4 Qb7 32. Kf1 Ra8 33. Qc6 Qxc6 34.
Rxc6 Kg8 35. Bc5 Bxc5 36. Rxc5 Kf7 37. Ne3 Nd6 38. f3 Ra7 39. Ke2 Ke7 40. Nd5+
Kd8 41. Kd3 h6 42. Ne3 Rd7 43. Rd5 Kc7 44. Nc4 Nb7 45. Ne3 1/2-1/2

[Event "Frankfurt Ch 2005"]
[Site "Ffm-Kalbach, LAZ"]
[Date "2005.06.06"]
[Round "6"]
[White "Petersen, Gerd"]
[Black "Trierweiler, Joachim"]
[Result "1-0"]
[WhiteElo "1537"]
[BlackElo "1707"]
[PlyCount "79"]
[EventDate "2005.??.??"]

1. Nf3 Nf6 2. d4 d6 3. c4 g6 4. g3 Bg7 5. Bg2 O-O 6. O-O c6 7. Nc3 Be6 8. b3
Qa5 9. Bd2 Qh5 10. Ng5 Ng4 11. h3 Nxf2 12. Rxf2 Bxd4 13. Bf3 Qxg5 14. Bxg5 Bxc3
15. Rc1 Bb4 16. Kg2 f6 17. Bh6 Rf7 18. e3 Nd7 19. Bg4 f5 20. Bf3 Ne5 21. Qe2
Bc5 22. Bf4 Nd7 23. Bh6 Ne5 24. Qb2 a5 25. Be2 Nd7 26. g4 Rf6 27. gxf5 gxf5 28.
Bf4 Rg6+ 29. Kh2 Bf7 30. Bh5 e5 31. Bxg6 hxg6 32. Bg5 Nf8 33. Rg2 Ne6 34. Qe2
Kg7 35. Qd2 Rh8 36. Rf1 Rh5 37. Be7 Bb4 38. Qd1 Kh6 39. Bxd6 Ng5 40. Rxg5 1-0

[Event "Frankfurt Ch 2005"]
[Site "Ffm-Kalbach, LAZ"]
[Date "2005.06.06"]
[Round "6"]
[White "Enders, Georg"]
[Black "Radtke, Thoralf"]
[Result "0-1"]
[WhiteElo "1707"]
[BlackElo "1584"]
[PlyCount "108"]
[EventDate "2005.??.??"]

1. e4 e6 2. d4 d5 3. Nd2 c5 4. exd5 exd5 5. Bb5+ Nc6 6. Qe2+ Qe7 7. dxc5 Qxe2+
8. Nxe2 Bxc5 9. Nb3 Bb6 10. Bf4 Nge7 11. Bd6 Be6 12. Ned4 O-O-O 13. Nxc6 Nxc6
14. Bg3 Bf5 15. O-O Rhe8 16. Rac1 a6 17. Bxc6 bxc6 18. Rfd1 Re4 19. Kf1 Rde8
20. Rd2 h5 21. h4 Rg4 22. Re1 Be4 23. Rde2 Re6 24. Nd2 Rf6 25. Nxe4 dxe4 26.
Be5 Rf5 27. Bc3 Rxh4 28. Kg1 Rg4 29. Bd2 Re5 30. Be3 Bc7 31. Bc1 f5 32. b3 Re6
33. c4 Reg6 34. g3 h4 35. Kf1 hxg3 36. fxg3 Rxg3 37. Be3 Rh3 38. Rg2 Rh1+ 39.
Bg1 Rxg2 40. Kxg2 Rh5 41. b4 Rg5+ 42. Kf1 Rg6 43. c5 Re6 44. Re2 f4 45. Rh2 Rh6
46. Rg2 Be5 47. Rg5 Bf6 48. Rg4 g5 49. Ke2 Rh4 50. Rxh4 gxh4 51. Bh2 Be5 52.
Kf2 Kd7 53. a4 Bd4+ 54. Kf1 f3 0-1

[Event "Frankfurt Ch 2005"]
[Site "Ffm-Kalbach, LAZ"]
[Date "2005.06.06"]
[Round "6"]
[White "Liebske, Erwin"]
[Black "Gottlieb, Herbert"]
[Result "0-1"]
[WhiteElo "1702"]
[BlackElo "1579"]
[PlyCount "44"]
[EventDate "2005.??.??"]

1. Nf3 Nf6 2. d4 e6 3. Bg5 Be7 4. Nbd2 c5 5. dxc5 Bxc5 6. Nb3 Be7 7. c4 b6 8.
Qc2 Bb7 9. Bxf6 Bxf6 10. e4 Nc6 11. a3 Rc8 12. Rd1 O-O 13. Qd2 Ne5 14. Nxe5
Bxe5 15. Bd3 f5 16. f4 Bxf4 17. Qxf4 fxe4 18. Qg3 exd3 19. Qxd3 Qh4+ 20. Qg3
Qe4+ 21. Kd2 Rxc4 22. Qd3 Rf2+ 0-1

[Event "Frankfurt Ch 2005"]
[Site "Ffm-Kalbach, LAZ"]
[Date "2005.06.06"]
[Round "6"]
[White "Djakow, Alexander"]
[Black "Scharmann, Hartmut"]
[Result "0-1"]
[WhiteElo "1699"]
[BlackElo "1562"]
[PlyCount "40"]
[EventDate "2005.??.??"]

1. d4 Nf6 2. c4 g6 3. Nf3 Bg7 4. Nc3 d6 5. e4 O-O 6. Bd3 Nbd7 7. O-O c6 8. Be3
Ng4 9. Bf4 e5 10. dxe5 Ndxe5 11. Nxe5 Nxe5 12. Qc2 Be6 13. Bxe5 dxe5 14. Rad1
Qc7 15. Ne2 Rad8 16. h3 Rd7 17. f4 f5 18. fxe5 Qxe5 19. Nf4 fxe4 20. Nxe6 exd3
0-1

[Event "Frankfurt Ch 2005"]
[Site "Ffm-Kalbach, LAZ"]
[Date "2005.06.06"]
[Round "6"]
[White "Genis, Roy"]
[Black "Scheerer, Michael"]
[Result "1-0"]
[WhiteElo "1697"]
[BlackElo "1383"]
[PlyCount "37"]
[EventDate "2005.??.??"]

1. e4 e6 2. d4 d5 3. Nc3 Bb4 4. a3 Bxc3+ 5. bxc3 c5 6. e5 Ne7 7. Qg4 O-O 8. Nf3
Nbc6 9. Bd3 f5 10. exf6 Rxf6 11. Bg5 Rf7 12. Bxe7 Rxe7 13. Qh4 g6 14. O-O c4
15. Be2 Qa5 16. Ne5 Re8 17. Nxc6 bxc6 18. Qg3 Rb8 19. Qxb8 1-0

[Event "Frankfurt Ch 2005"]
[Site "Ffm-Kalbach, LAZ"]
[Date "2005.06.06"]
[Round "6"]
[White "Gößwein, Dorothee"]
[Black "Hülsdunk, Heinz-Jürgen"]
[Result "0-1"]
[WhiteElo "1288"]
[BlackElo "1691"]
[PlyCount "64"]
[EventDate "2005.??.??"]

1. e4 c5 2. Nf3 e6 3. d4 cxd4 4. Nxd4 Nf6 5. Nc3 Nc6 6. a3 a6 7. f3 Qb6 8. Nxc6
bxc6 9. Bc4 Bc5 10. Qe2 O-O 11. Bb3 Qa7 12. Bd2 a5 13. O-O-O d5 14. Rhf1 Ba6
15. Qe1 Bxf1 16. Qxf1 Be3 17. Qd3 Bxd2+ 18. Qxd2 Qc7 19. exd5 exd5 20. g3 Rfe8
21. Qd4 Qe5 22. Qc5 Qe3+ 23. Qxe3 Rxe3 24. Rf1 d4 25. Nd1 Re2 26. Rh1 Nd5 27.
Ba4 Rc8 28. f4 Kf8 29. Bb3 Nb6 30. Kb1 a4 31. Ba2 Rce8 32. Kc1 Rg2 0-1

[Event "Frankfurt Ch 2005"]
[Site "Ffm-Kalbach, LAZ"]
[Date "2005.06.06"]
[Round "6"]
[White "Stein, Wolfgang"]
[Black "Wenzel, Bernd"]
[Result "1-0"]
[WhiteElo "1676"]
[BlackElo "1554"]
[PlyCount "35"]
[EventDate "2005.??.??"]

1. d4 e6 2. e4 c5 3. Nf3 Nf6 4. e5 Nd5 5. c4 Ne7 6. d5 d6 7. Nc3 Ng6 8. Bg5 Be7
9. Bxe7 Qxe7 10. exd6 Qxd6 11. Ne4 Qf4 12. Qa4+ Bd7 13. Qc2 O-O 14. Be2 b6 15.
g3 Qf5 16. O-O-O Ne5 17. Nh4 Qh3 18. Ng5 1-0

[Event "Frankfurt Ch 2005"]
[Site "Ffm-Kalbach, LAZ"]
[Date "2005.06.06"]
[Round "6"]
[White "Kletzerman, Simon"]
[Black "Ickert, Bernd"]
[Result "0-1"]
[WhiteElo "1550"]
[BlackElo "1755"]
[PlyCount "84"]
[EventDate "2005.??.??"]

1. e4 e6 2. d4 d5 3. exd5 exd5 4. Bd3 Bd6 5. Ne2 Nf6 6. Bf4 Nc6 7. c3 Bg4 8.
Nd2 Bxf4 9. Qb3 Bxd2+ 10. Kxd2 O-O 11. Qxb7 Qd6 12. f3 Bd7 13. Qb3 Rab8 14. Qc2
Na5 15. Rab1 Bb5 16. b3 Bxd3 17. Qxd3 Rfe8 18. g3 c5 19. Qc2 Qe7 20. Kd1 Nc4
21. Qd3 Ne3+ 22. Kd2 c4 23. bxc4 Nxc4+ 24. Kc1 Rxb1+ 25. Kxb1 Qxe2 26. Qxe2
Rxe2 27. a4 Nd2+ 28. Kc2 Nxf3+ 29. Kb3 a5 30. Rc1 Ne4 31. Rc2 Nfd2+ 32. Kb2
Rxh2 33. Kc1 Rh1+ 34. Kb2 Rb1+ 35. Ka2 Rb8 36. Rc1 Nc4 37. Rc2 Ned2 38. Ka1 Rb3
39. Rxd2 Nxd2 40. Ka2 Rxc3 41. Kb2 Rxg3 42. Kc2 Nc4 0-1

[Event "Frankfurt Ch 2005"]
[Site "Ffm-Kalbach, LAZ"]
[Date "2005.06.06"]
[Round "6"]
[White "Makilla, Tobias"]
[Black "Enderlin, Rolf"]
[Result "1-0"]
[WhiteElo "1466"]
[BlackElo "1636"]
[PlyCount "111"]
[EventDate "2005.??.??"]

1. e4 c5 2. Nf3 Nc6 3. d4 cxd4 4. Nxd4 g6 5. b3 Bg7 6. Bb2 Qb6 7. c3 Nf6 8. Nd2
O-O 9. Nc4 Qc7 10. Bd3 a6 11. O-O b5 12. Ne3 Bb7 13. f3 Rac8 14. c4 Qb6 15.
Ndc2 Bh6 16. Qe2 b4 17. Bxf6 exf6 18. Qf2 a5 19. Nd5 Qxf2+ 20. Kxf2 Ne5 21.
Rad1 Bxd5 22. exd5 d6 23. Nd4 Rfd8 24. Rfe1 Rc7 25. g3 f5 26. h3 f4 27. g4 Bg5
28. Re4 Nd7 29. Nb5 Rc5 30. Nxd6 Nf6 31. Nb7 Nxe4+ 32. Bxe4 Rdc8 33. Nxc5 Rxc5
34. d6 Bh4+ 35. Ke2 f5 36. gxf5 gxf5 37. Rd5 Rxd5 38. Bxd5+ Kf8 39. Be6 Kg7 40.
d7 Kg6 41. Kd3 Bd8 42. Kd4 Kf6 43. Kd5 Bc7 44. c5 h6 45. c6 h5 46. h4 Ke7 47.
Bxf5 Kf6 48. Be4 Ke7 49. Bg6 Kf6 50. Bxh5 Ke7 51. Bg6 Kf6 52. h5 Kg7 53. Ke6
Kf8 54. h6 Kg8 55. h7+ Kg7 56. Ke7 1-0

[Event "Frankfurt Ch 2005"]
[Site "Ffm-Kalbach, LAZ"]
[Date "2005.06.06"]
[Round "6"]
[White "Popp, Matthias"]
[Black "Schukowski, Werner"]
[Result "0-1"]
[WhiteElo "1578"]
[BlackElo "1299"]
[PlyCount "154"]
[EventDate "2005.??.??"]

1. d4 Nf6 2. Nf3 d5 3. Bf4 g6 4. Nbd2 Bg7 5. e3 O-O 6. Ne5 Nfd7 7. Ndf3 c5 8.
c3 c4 9. Be2 b5 10. O-O a6 11. a4 Nb6 12. a5 Na4 13. h3 Nxb2 14. Qd2 Na4 15.
Bd1 Qxa5 16. Bxa4 bxa4 17. Rfb1 f6 18. Rxb8 Bb7 19. Rxf8+ Bxf8 20. Nd7 Bc6 21.
Nxf8 Kxf8 22. Qc2 Bb5 23. Nd2 a3 24. Nb1 Ra7 25. Rxa3 Qb6 26. Ra1 Rb7 27. e4
Qe6 28. Nd2 g5 29. Bg3 Kg7 30. exd5 Qxd5 31. Qe4 Qd7 32. Qg4 Qd5 33. Qe2 Bc6
34. f3 Qb5 35. Rb1 Qd5 36. Rxb7 Bxb7 37. Qxe7+ Kg6 38. Qe4+ Kg7 39. Qxd5 Bxd5
40. Bc7 Kf7 41. Kf2 Ke6 42. Kg3 Kf5 43. h4 h6 44. Nf1 Kg6 45. Ne3 Bf7 46. Nc2
Bd5 47. Nb4 Bb7 48. d5 Kf7 49. hxg5 fxg5 50. Kf2 Ke7 51. d6+ Kd7 52. g3 a5 53.
Nc2 h5 54. Na3 Bd5 55. f4 g4 56. f5 a4 57. Nc2 Bf7 58. Ne3 a3 59. Nc2 a2 60.
Ke3 Bd5 61. Kf2 Be4 62. Na1 Bxf5 63. Kg2 Be4+ 64. Kh2 Bf3 65. Kg1 Be2 66. Kf2
Bd3 67. Kg1 Bf5 68. Kf2 Kc6 69. Kg1 Bd7 70. Kf2 Kd5 71. Ke3 Ke5 72. Bb8 Kd5 73.
Bc7 Kc5 74. Kf4 Kb5 75. Ke3 Ka4 76. Kd4 Bb5 77. Ke5 Ka3 0-1

[Event "Frankfurt Ch 2005"]
[Site "Ffm-Kalbach, LAZ"]
[Date "2005.06.06"]
[Round "6"]
[White "Richter, Edgar"]
[Black "Brücken, Siegfried"]
[Result "0-1"]
[WhiteElo "1262"]
[BlackElo "1576"]
[PlyCount "42"]
[EventDate "2005.??.??"]

1. e4 e5 2. Nf3 Nc6 3. Bc4 Nf6 4. Nc3 Bc5 5. O-O d6 6. a3 a5 7. Na4 Ba7 8. d3
Bg4 9. h3 Bh5 10. Bb5 g5 11. Bxg5 Rg8 12. Bh4 Qd7 13. Kh2 Rg6 14. Rg1 O-O-O 15.
g4 Bxg4 16. hxg4 Nxg4+ 17. Kh1 Bxf2 18. Bxd8 Rh6+ 19. Bh4 Bxh4 20. Qe2 Nf2+ 21.
Kg2 Qh3# 0-1

[Event "Frankfurt Ch 2005"]
[Site "Ffm-Kalbach, LAZ"]
[Date "2005.06.06"]
[Round "6"]
[White "Grunenberg, Sven"]
[Black "Junker, Christian"]
[Result "0-1"]
[WhiteElo "1428"]
[BlackElo "1555"]
[PlyCount "57"]
[EventDate "2005.??.??"]

1. e4 c5 2. Nf3 d6 3. d4 cxd4 4. Nxd4 Nf6 5. Nc3 a6 6. Bd3 e5 7. Nb3 Nc6 8. a3
Be6 9. Bg5 Be7 10. Nd2 b5 11. O-O Rc8 12. f4 Qb6+ 13. Kh1 Ng4 14. f5 Nf2+ 15.
Rxf2 Bxg5 16. Rf1 Bd7 17. Nd5 Qd8 18. Nf3 Bf6 19. Qe1 Ne7 20. Nxf6+ gxf6 21.
Qh4 Nc6 22. c3 Na5 23. Rad1 Ke7 24. Ne1 Nc4 25. Bxc4 Rxc4 26. Nd3 Qa8 27. Rfe1
Bxf5 28. Nf2 Rg8 29. Rd5 0-1

[Event "Frankfurt Ch 2005"]
[Site "Ffm-Kalbach, LAZ"]
[Date "2005.06.06"]
[Round "6"]
[White "Ludwig, Helmut"]
[Black "Kirschner, Matthias"]
[Result "1-0"]
[WhiteElo "1411"]
[BlackElo "1524"]
[PlyCount "71"]
[EventDate "2005.??.??"]

1. d4 d6 2. c4 e5 3. dxe5 dxe5 4. Qxd8+ Kxd8 5. Nc3 c6 6. Bd2 Be6 7. e4 Nd7 8.
O-O-O Kc7 9. g3 Bc5 10. f4 Bd6 11. f5 Bxc4 12. Bxc4 f6 13. Be3 Ne7 14. Rd2 b5
15. Be6 Rhd8 16. Nf3 b4 17. Na4 Nc8 18. Rhd1 Ndb6 19. Nc5 a5 20. Bxc8 Bxc5 21.
Bxc5 Rxd2 22. Bxb6+ Kxb6 23. Rxd2 Rxc8 24. Rd7 Rg8 25. b3 c5 26. Nd2 Kc6 27.
Rd5 Ra8 28. Nc4 a4 29. Kb2 a3+ 30. Kc2 Ra7 31. g4 g6 32. Rd6+ Kb7 33. Rxf6 gxf5
34. Rf7+ Kb8 35. Rxa7 Kxa7 36. gxf5 1-0

[Event "Frankfurt Ch 2005"]
[Site "Ffm-Kalbach, LAZ"]
[Date "2005.06.06"]
[Round "6"]
[White "Witt, Holger"]
[Black "Mook, Karl-Jürgen"]
[Result "0-1"]
[WhiteElo "1476"]
[BlackElo "1302"]
[PlyCount "145"]
[EventDate "2005.??.??"]

1. e4 d5 2. exd5 Qxd5 3. Nc3 Qd6 4. Nf3 c6 5. Bc4 Bg4 6. O-O Nf6 7. d4 e6 8.
Bg5 Be7 9. Qd3 Bf5 10. Qe2 O-O 11. Bxf6 Bxf6 12. Ne4 Bxe4 13. Qxe4 Nd7 14. c3
Rac8 15. Rad1 Qc7 16. Rfe1 g6 17. Bb3 Rfe8 18. Ne5 Nf8 19. Qf3 Bg7 20. Qh3 Rcd8
21. Re4 f6 22. Nf3 Qd7 23. Rde1 f5 24. Ne5 Bxe5 25. Rxe5 Re7 26. Qe3 Rde8 27.
Qg5 Kg7 28. Bc2 h6 29. Qg3 Rf7 30. Bb3 Rf6 31. Bc2 Kf7 32. Bb3 Kg7 33. h4 Re7
34. Qd3 Ref7 35. Qc4 Re7 36. Qe2 Qd6 37. d5 c5 38. Rxe6 Nxe6 39. dxe6 a6 40.
Qc4 b5 41. Qd5 Qc7 42. Bc2 Rf8 43. Rd1 Rfe8 44. Qd7 Qxd7 45. exd7 Rd8 46. Rd6
Rdxd7 47. Rxa6 Re2 48. Bb3 c4 49. Bxc4 bxc4 50. Rc6 Rxb2 51. a4 Ra2 52. Rxc4
Ra7 53. Rc8 R2xa4 54. c4 Ra1+ 55. Kh2 Rc1 56. c5 Ra6 57. g3 Rc2 58. Kg2 Rc3 59.
Kf1 Re6 60. Kg2 Kf6 61. Kf1 Ke5 62. Kg2 h5 63. Kf1 Ke4 64. Kg2 Kd5 65. Rd8+
Kxc5 66. Rc8+ Kb4 67. Rd8 Kc4 68. Rd7 Kb3 69. Rd2 Rec6 70. Kf1 Rc1+ 71. Kg2
R1c3 72. Rd1 Kb2 73. Rd2+ {ZÜ} 0-1